<?xml version="1.0" encoding="UTF-8"?>
<record
    xmlns:xsi="http://www.w3.org/2001/XMLSchema-instance"
    xsi:schemaLocation="http://www.loc.gov/MARC21/slim http://www.loc.gov/standards/marcxml/schema/MARC21slim.xsd"
    xmlns="http://www.loc.gov/MARC21/slim">

  <leader>02471nam a22003017a 4500</leader>
  <controlfield tag="001">8621</controlfield>
  <controlfield tag="003">FISKH</controlfield>
  <controlfield tag="005">20251006122249.0</controlfield>
  <controlfield tag="008">251006b        cb ||||| |||| 00| 0 eng d</controlfield>
  <datafield tag="020" ind1=" " ind2=" ">
    <subfield code="a">9789996301230</subfield>
  </datafield>
  <datafield tag="040" ind1=" " ind2=" ">
    <subfield code="a">FISKH</subfield>
    <subfield code="b">khr</subfield>
    <subfield code="c">FISKH</subfield>
    <subfield code="d">FISKH</subfield>
  </datafield>
  <datafield tag="050" ind1=" " ind2=" ">
    <subfield code="a">PZ7</subfield>
  </datafield>
  <datafield tag="100" ind1=" " ind2=" ">
    <subfield code="a">Tongleang, Noeun</subfield>
  </datafield>
  <datafield tag="245" ind1=" " ind2=" ">
    <subfield code="a">&#x178F;&#x17D2;&#x179A;&#x1785;&#x17C0;&#x1780; &#x1798;&#x17B6;&#x178F;&#x17CB; &#x1793;&#x17B7;&#x1784;&#x178A;&#x17C3; :</subfield>
    <subfield code="b">Ear, mouth, and hands / </subfield>
    <subfield code="c">&#x1793;&#x17B7;&#x1796;&#x1793;&#x17D2;&#x1792;&#x178A;&#x17C4;&#x1799; &#x1793;&#x17BF;&#x1793; &#x178F;&#x17BB;&#x1784;&#x179B;&#x17B6;&#x1784; , &#x1780;&#x17C2;&#x179F;&#x1798;&#x17D2;&#x179A;&#x17BD;&#x179B;&#x178A;&#x17C4;&#x1799; &#x17A2;&#x17D2;&#x1793;&#x1780;&#x179F;&#x17D2;&#x179A;&#x17B8; &#x1782;&#x17B9;&#x1798;&#x179F;&#x17CA;&#x17BB;&#x1793; &#x179F;&#x17BB;&#x1792;&#x17B6;&#x179A;&#x17B8; ,&#x200B; &#x179B;&#x17C4;&#x1780; &#x1792;&#x17B8; &#x1785;&#x17B6;&#x1793;&#x17CB;&#x1790;&#x1793; &#x1793;&#x17B7;&#x1784;&#x200B; &#x1780;&#x1789;&#x17D2;&#x1789;&#x17B6; &#x17A0;&#x17C1;&#x1784; &#x1785;&#x179A;&#x17B7;&#x1799;&#x17B6;&#x200B;</subfield>
  </datafield>
  <datafield tag="260" ind1=" " ind2=" ">
    <subfield code="a">Phnom Penh : </subfield>
    <subfield code="b">Reading Books , </subfield>
    <subfield code="c">2010. </subfield>
  </datafield>
  <datafield tag="300" ind1=" " ind2=" ">
    <subfield code="a">20 pages : </subfield>
    <subfield code="b">color illutrations ;</subfield>
    <subfield code="c">25 cm  .</subfield>
  </datafield>
  <datafield tag="490" ind1=" " ind2=" ">
    <subfield code="a">&#x1796;&#x17B7;&#x1797;&#x1796;&#x179A;&#x17BF;&#x1784;&#x1793;&#x17B7;&#x1791;&#x17B6;&#x1793;</subfield>
  </datafield>
  <datafield tag="505" ind1=" " ind2=" ">
    <subfield code="a">J 
</subfield>
  </datafield>
  <datafield tag="520" ind1=" " ind2=" ">
    <subfield code="a">&#x179A;&#x17BF;&#x1784;&#x1793;&#x17B7;&#x1791;&#x17B6;&#x1793;&#x1793;&#x17C1;&#x17C7;&#x1798;&#x17B6;&#x1793;&#x1782;&#x17C4;&#x179B;&#x1794;&#x17C6;&#x178E;&#x1784;&#x1794;&#x178E;&#x17D2;&#x178F;&#x17BB;&#x17C7;&#x1794;&#x178E;&#x17D2;&#x178F;&#x17B6;&#x179B;&#x1780;&#x17BB;&#x1798;&#x17B6;&#x179A;&#x17A2;&#x17C4;&#x1799;&#x178A;&#x17B9;&#x1784;&#x1796;&#x17B8;&#x179C;&#x17B7;&#x1792;&#x17B8;&#x1790;&#x17C2;&#x179A;&#x1780;&#x17D2;&#x179F;&#x17B6;&#x178F;&#x17D2;&#x179A;&#x1785;&#x17C0;&#x1780;&#x179A;&#x1794;&#x179F;&#x17CB;&#x1781;&#x17D2;&#x179B;&#x17BD;&#x1793;&#x17B2;&#x17D2;&#x1799;&#x1798;&#x17B6;&#x1793;&#x179F;&#x17BB;&#x179C;&#x178F;&#x17D2;&#x1790;&#x17B7;&#x1797;&#x17B6;&#x1796; &#x178A;&#x17C4;&#x1799;&#x1798;&#x17B7;&#x1793;&#x17A2;&#x17C4;&#x1799;&#x1791;&#x17B9;&#x1780;&#x1785;&#x17BC;&#x179B;&#x178F;&#x17D2;&#x179A;&#x1785;&#x17C0;&#x1780; &#x1798;&#x17B7;&#x1793;&#x1794;&#x17D2;&#x179A;&#x17BE;&#x179A;&#x1794;&#x179F;&#x17CB;&#x179A;&#x17B9;&#x1784;&#x17D7;&#x178A;&#x17BC;&#x1785;&#x1787;&#x17B6;&#x179F;&#x17C6;&#x17A1;&#x17B8;&#x179F;&#x17C6;&#x17A2;&#x17B6;&#x178F;&#x178F;&#x17D2;&#x179A;&#x1785;&#x17C0;&#x1780; &#x17A0;&#x17BE;&#x1799;&#x1798;&#x17B7;&#x1793;&#x1782;&#x17BD;&#x179A;&#x1793;&#x17C5;&#x1780;&#x17D2;&#x1794;&#x17C2;&#x179A;&#x1780;&#x1793;&#x17D2;&#x179B;&#x17C2;&#x1784;&#x178A;&#x17C2;&#x179B;&#x1798;&#x17B6;&#x1793;&#x179F;&#x1798;&#x17D2;&#x179B;&#x17C1;&#x1784;&#x179A;&#x17C6;&#x1781;&#x17B6;&#x1793;&#x1781;&#x17D2;&#x179B;&#x17B6;&#x17C6;&#x1784;&#x1796;&#x17C1;&#x1780; &#x1796;&#x17D2;&#x179A;&#x17C4;&#x17C7;&#x17A2;&#x17B6;&#x1785;&#x1782;&#x17D2;&#x179A;&#x17C4;&#x17C7;&#x1790;&#x17D2;&#x1793;&#x17B6;&#x1780;&#x17CB;&#x178A;&#x179B;&#x17CB;&#x178F;&#x17D2;&#x179A;&#x1785;&#x17C0;&#x1780;&#x1794;&#x17B6;&#x1793;&#x200B; &#x17D4;&#x200B;
&#x179A;&#x17BF;&#x1784;&#x1793;&#x17C1;&#x17C7;&#x1780;&#x17CF;&#x1794;&#x1784;&#x17D2;&#x179A;&#x17C0;&#x1793;&#x1780;&#x17BB;&#x1798;&#x17B6;&#x179A;&#x17B2;&#x17D2;&#x1799;&#x179B;&#x17B6;&#x1784;&#x178A;&#x17C3;&#x17B2;&#x17D2;&#x1799;&#x179F;&#x17D2;&#x17A2;&#x17B6;&#x178F;&#x1798;&#x17BB;&#x1793;&#x1796;&#x17C1;&#x179B;&#x1780;&#x17B6;&#x1793;&#x17CB;&#x1785;&#x17C6;&#x178E;&#x17B8; &#x1793;&#x17B7;&#x1784;&#x178A;&#x17BB;&#x179F;&#x1792;&#x17D2;&#x1798;&#x17C1;&#x1789;&#x1794;&#x1793;&#x17D2;&#x1791;&#x17B6;&#x1794;&#x17CB;&#x1796;&#x17B8;&#x1794;&#x179A;&#x17B7;&#x1797;&#x17C4;&#x1782;&#x1795;&#x1784;&#x178A;&#x17C2;&#x179A;&#x17D4;</subfield>
  </datafield>
  <datafield tag="520" ind1=" " ind2=" ">
    <subfield code="a">This story is aimed at educating the children on how to keep their ear safe by not letting fluids penetrating the ear , cleaning them with any stick or exposing them to strong noise because it may impar the hearing . The story also teaches the children to wash their hands before they hold food and clean their teeth after meal .</subfield>
  </datafield>
  <datafield tag="521" ind1="8" ind2=" ">
    <subfield code="a">500 
</subfield>
    <subfield code="b">Lexile estimate 
</subfield>
  </datafield>
  <datafield tag="521" ind1="8" ind2=" ">
    <subfield code="a">J 
</subfield>
    <subfield code="b">Raz-Plus 
</subfield>
  </datafield>
  <datafield tag="650" ind1=" " ind2=" ">
    <subfield code="a">&#x178F;&#x17D2;&#x179A;&#x1785;&#x17C0;&#x1780; &#x1798;&#x17B6;&#x178F;&#x17CB; &#x1793;&#x17B7;&#x1784;&#x200B;&#x178A;&#x17C3;</subfield>
    <subfield code="v">&#x179A;&#x17BF;&#x1784;&#x1793;&#x17B7;&#x1791;&#x17B6;&#x1793;&#x1780;&#x17BB;&#x1798;&#x17B6;&#x179A;&#x200B;</subfield>
  </datafield>
  <datafield tag="650" ind1=" " ind2=" ">
    <subfield code="a">Ear, mouth and hands </subfield>
    <subfield code="v">Children's Stories </subfield>
  </datafield>
  <datafield tag="700" ind1=" " ind2=" ">
    <subfield code="a">Bunthorn, Theak</subfield>
    <subfield code="e">Illustrator </subfield>
  </datafield>
  <datafield tag="942" ind1=" " ind2=" ">
    <subfield code="2">ddc</subfield>
    <subfield code="c">KHB</subfield>
    <subfield code="n">0</subfield>
  </datafield>
  <datafield tag="999" ind1=" " ind2=" ">
    <subfield code="c">8621</subfield>
    <subfield code="d">8621</subfield>
  </datafield>
  <datafield tag="952" ind1=" " ind2=" ">
    <subfield code="0">0</subfield>
    <subfield code="1">0</subfield>
    <subfield code="2">ddc</subfield>
    <subfield code="4">0</subfield>
    <subfield code="7">0</subfield>
    <subfield code="8">Khmer-English Bilingual </subfield>
    <subfield code="a">002</subfield>
    <subfield code="b">002</subfield>
    <subfield code="c">TTP Khmer</subfield>
    <subfield code="d">2025-10-06</subfield>
    <subfield code="l">0</subfield>
    <subfield code="o">TON PZ7</subfield>
    <subfield code="p">FIS04109</subfield>
    <subfield code="r">2025-10-06 12:22:43</subfield>
    <subfield code="t">1</subfield>
    <subfield code="w">2025-10-06</subfield>
    <subfield code="y">KHB</subfield>
  </datafield>
  <datafield tag="952" ind1=" " ind2=" ">
    <subfield code="0">0</subfield>
    <subfield code="1">0</subfield>
    <subfield code="2">ddc</subfield>
    <subfield code="4">0</subfield>
    <subfield code="7">0</subfield>
    <subfield code="8">Khmer-English Bilingual </subfield>
    <subfield code="a">002</subfield>
    <subfield code="b">002</subfield>
    <subfield code="c">TTP Khmer</subfield>
    <subfield code="d">2025-10-09</subfield>
    <subfield code="l">0</subfield>
    <subfield code="o">TON PZ7</subfield>
    <subfield code="p">FIS02079</subfield>
    <subfield code="r">2025-10-09 15:03:46</subfield>
    <subfield code="t">2</subfield>
    <subfield code="w">2025-10-09</subfield>
    <subfield code="y">KHB</subfield>
  </datafield>
  <datafield tag="952" ind1=" " ind2=" ">
    <subfield code="0">0</subfield>
    <subfield code="1">0</subfield>
    <subfield code="2">ddc</subfield>
    <subfield code="4">0</subfield>
    <subfield code="7">0</subfield>
    <subfield code="8">Khmer-English Bilingual </subfield>
    <subfield code="a">002</subfield>
    <subfield code="b">002</subfield>
    <subfield code="c">TTP Khmer</subfield>
    <subfield code="d">2025-10-24</subfield>
    <subfield code="l">0</subfield>
    <subfield code="o">TON PZ7</subfield>
    <subfield code="p">2025-4745</subfield>
    <subfield code="r">2025-10-24 15:25:32</subfield>
    <subfield code="t">3</subfield>
    <subfield code="w">2025-10-24</subfield>
    <subfield code="y">KHB</subfield>
  </datafield>
  <datafield tag="952" ind1=" " ind2=" ">
    <subfield code="0">0</subfield>
    <subfield code="1">0</subfield>
    <subfield code="2">ddc</subfield>
    <subfield code="4">0</subfield>
    <subfield code="7">0</subfield>
    <subfield code="8">Khmer-English Bilingual </subfield>
    <subfield code="a">002</subfield>
    <subfield code="b">002</subfield>
    <subfield code="c">TTP Khmer</subfield>
    <subfield code="d">2025-11-11</subfield>
    <subfield code="l">0</subfield>
    <subfield code="o">TON PZ7</subfield>
    <subfield code="p">FISBK03864</subfield>
    <subfield code="r">2025-11-11 14:59:58</subfield>
    <subfield code="t">4</subfield>
    <subfield code="w">2025-11-11</subfield>
    <subfield code="y">KHB</subfield>
  </datafield>
</record>
